[Event "Orsha op-F 20th"]
[Site "Orsha"]
[Date "2022.02.06"]
[Round "7"]
[White "Bazyrtsyrenov, Kirill"]
[Black "Makoveev, Ilya"]
[Result "0-1"]
[WhiteElo "2104"]
[BlackElo "2322"]
[PlyCount "96"]
[EventDate "2022.02.02"]
[EventType "tourn"]
[EventRounds "9"]
[EventCountry "BLR"]
[EventCategory "1"]
[SourceTitle "CBM 206 Extra"]
[Source "ChessBase"]
[SourceDate "2022.03.31"]
[SourceVersion "1"]
[SourceVersionDate "2022.03.31"]
[SourceQuality "1"]

1. e4 c5 2. Nf3 d6 3. d4 cxd4 4. Nxd4 Nf6 5. Nc3 a6 6. Be3 e5 7. Nb3 Be7 8. Qd2 Be6 9. 0-0-0 Nbd7 10. f4 b5 11. Kb1 Rc8 12. f5 Bc4 13. Bd3 0-0 14. g4 Nxg4 15. Rhg1 Nxe3 16. Qxe3 Kh8 17. Rg3 Rg8 18. Rdg1 Nf6 19. Bxc4 bxc4 20. Nd2 d5 21. Qf3 d4 22. Nd5 c3 23. Rh3 g6 24. Nb3 cxb2 25. Rgg3 Rg7 26. Kxb2 Nxd5 27. exd5 Bf6 28. Qe4 Kg8 29. Rf3 Qd6 30. Rhg3 Rd8 31. Nd2 Kh8 32. h4 Rgg8 33. Kc1 Bg7 34. h5 gxh5 35. Nc4 Qb4 36. Nd2 Qd6 37. Nc4 Qxd5 38. Qxd5 Rxd5 39. f6 Bh6+ 40. Kd1 e4 41. Rxg8+ Kxg8 42. Rb3 h4 43. Ke2 d3+ 44. cxd3 exd3+ 45. Kf3 d2 46. Ne3 d1Q+ 47. Nxd1 Rxd1 48. Rb8+ Bf8 0-1

[Event "FIDE Youth Super Final U18"]
[Site "Tornelo INT"]
[Date "2021.12.21"]
[Round "8"]
[White "Liyanage, Ranindu Dilshan"]
[Black "Makoveev, Ilya"]
[Result "0-1"]
[WhiteElo "2300"]
[BlackElo "2322"]
[PlyCount "76"]
[EventDate "2021.12.18"]
[EventType "tourn (rapid)"]
[EventRounds "10"]
[EventCountry "NET"]
[SourceTitle "EXT 2023"]
[Source "ChessBase"]
[SourceDate "2022.10.05"]
[SourceVersion "1"]
[SourceVersionDate "2022.10.05"]
[SourceQuality "1"]

1. e4 c5 2. Nf3 e6 3. d4 cxd4 4. Nxd4 Nc6 5. Nc3 Qc7 6. Be3 a6 7. g4 Nxd4 8. Qxd4 b5 9. a3 Bb7 10. Bg2 Rc8 11. f4 Ne7 12. 0-0 Ng6 13. Rad1 Bc5 14. Qxc5 Qxc5 15. Bxc5 Rxc5 16. e5 Bxg2 17. Kxg2 Rc4 18. Rd6 Nxf4+ 19. Kg3 Ng6 20. Rxa6 Ke7 21. Re1 Rb8 22. h4 b4 23. Ra4 Nxe5 24. Rxb4 Rbxb4 25. axb4 Rxg4+ 26. Kf2 Nc4 27. b3 Nd6 28. h5 Rh4 29. b5 Rh2+ 30. Ke3 Rxc2 31. Kd3 Rb2 32. b6 Rxb3 33. Kc2 Ra3 34. Rd1 Ra8 35. Rb1 Nc4 36. Rb4 d5 37. Kd3 Rb8 38. Na4 Kd6 0-1

[Event "FIDE Youth Super Final U18"]
[Site "Tornelo INT"]
[Date "2021.12.18"]
[Round "1"]
[White "Makoveev, Ilya"]
[Black "Harshavardhan, GB."]
[Result "1-0"]
[WhiteElo "2322"]
[BlackElo "2397"]
[PlyCount "55"]
[EventDate "2021.12.18"]
[EventType "tourn (rapid)"]
[EventRounds "10"]
[EventCountry "NET"]
[SourceTitle "EXT 2023"]
[Source "ChessBase"]
[SourceDate "2022.10.05"]
[SourceVersion "1"]
[SourceVersionDate "2022.10.05"]
[SourceQuality "1"]

1. c4 Nf6 2. Nc3 e5 3. Nf3 Nc6 4. e3 Bb4 5. Nd5 e4 6. Ng1 0-0 7. a3 Bd6 8. d3 Re8 9. dxe4 Nxe4 10. Nf3 Ne5 11. Bd3 Nxd3+ 12. Qxd3 b6 13. 0-0 a5 14. b3 Nc5 15. Qc3 f6 16. Bb2 Bb7 17. Rad1 Bf8 18. Qc2 d6 19. Rd4 c6 20. Rh4 cxd5 21. Qxh7+ Kf7 22. Bxf6 Qxf6 23. Rf4 Ne4 24. Rxf6+ Nxf6 25. Ng5+ Ke7 26. Qg6 Kd7 27. Qf5+ Kc7 28. Rc1 1-0

[Event "World Cup U18 Prel"]
[Site "Tornelo INT"]
[Date "2021.08.20"]
[Round "10"]
[White "Makoveev, Ilya"]
[Black "Srihari, LR."]
[Result "1-0"]
[WhiteElo "2306"]
[BlackElo "2414"]
[PlyCount "115"]
[EventDate "2021.08.16"]
[EventType "swiss (rapid)"]
[EventRounds "10"]
[EventCountry "NET"]
[SourceTitle "CBM 203 Extra"]
[Source "ChessBase"]
[SourceDate "2021.09.30"]
[SourceVersion "1"]
[SourceVersionDate "2021.09.30"]
[SourceQuality "1"]

1. e4 c6 2. d4 d5 3. e5 Bf5 4. h4 h5 5. Bg5 Qb6 6. Bd3 Bxd3 7. Qxd3 e6 8. Nd2 Nh6 9. Ngf3 Nf5 10. 0-0 Qa6 11. c4 Nd7 12. b3 Bb4 13. a3 Bxd2 14. Nxd2 0-0 15. Rfe1 Rac8 16. Nf1 c5 17. Ng3 dxc4 18. bxc4 cxd4 19. Nxf5 exf5 20. Qxd4 Nc5 21. Rab1 Ne6 22. Qd3 Qxc4 23. Qxf5 b6 24. Rbd1 Qa4 25. Rd3 Qc2 26. Qf3 Qc4 27. Rd7 Qa4 28. Red1 Qa5 29. Be7 Rfe8 30. Bb4 Qxe5 31. Qxf7+ Kh8 32. R7d5 Rf8 33. Qxf8+ Nxf8 34. Rxe5 Ng6 35. Rxh5+ Kg8 36. Rhd5 Nf4 37. Rd8+ Rxd8 38. Rxd8+ Kh7 39. Rd7 a5 40. Bf8 Kg6 41. Rxg7+ Kf6 42. Rb7 Nd5 43. h5 Kg5 44. h6 Nf6 45. h7 Nxh7 46. Rxh7 b5 47. Rb7 b4 48. axb4 a4 49. Ra7 a3 50. Rxa3 Kf5 51. b5 Kg6 52. b6 Kf7 53. b7 Kg6 54. b8Q Kf5 55. Ra5+ Kg6 56. Qd6+ Kf7 57. Qe7+ Kg6 58. Qg7# 1-0

[Event "Grodno-B"]
[Site "Grodno"]
[Date "2021.08.11"]
[Round "9"]
[White "Makoveev, Ilya"]
[Black "Navumenka, Mikhei"]
[Result "1/2-1/2"]
[WhiteElo "2306"]
[BlackElo "2188"]
[PlyCount "38"]
[EventDate "2021.08.05"]
[EventType "tourn"]
[EventRounds "9"]
[EventCountry "BLR"]
[SourceTitle "EXT 2022"]
[Source "ChessBase"]
[SourceDate "2021.10.06"]
[SourceVersion "1"]
[SourceVersionDate "2021.10.06"]
[SourceQuality "1"]

1. e4 e6 2. d4 d5 3. Nc3 dxe4 4. Nxe4 Nd7 5. Bd3 Ngf6 6. Qe2 c5 7. Nxf6+ Nxf6 8. dxc5 Bxc5 9. Nf3 0-0 10. Bg5 Qa5+ 11. c3 Be7 12. h4 Bd7 13. Ne5 Rfd8 14. Bxh7+ Kxh7 15. Bxf6 Bxf6 16. Qh5+ Kg8 17. Qxf7+ Kh7 18. Qh5+ Kg8 19. Qf7+ Kh7 1/2-1/2

[Event "Grodno-B"]
[Site "Grodno"]
[Date "2021.08.09"]
[Round "7"]
[White "Makoveev, Ilya"]
[Black "Sitnikov, Anton"]
[Result "1/2-1/2"]
[WhiteElo "2306"]
[BlackElo "2421"]
[PlyCount "129"]
[EventDate "2021.08.05"]
[EventType "tourn"]
[EventRounds "9"]
[EventCountry "BLR"]
[SourceTitle "EXT 2022"]
[Source "ChessBase"]
[SourceDate "2021.10.06"]
[SourceVersion "1"]
[SourceVersionDate "2021.10.06"]
[SourceQuality "1"]

1. e4 e6 2. d4 d5 3. Nc3 Bb4 4. e5 c5 5. a3 Bxc3+ 6. bxc3 Qa5 7. Bd2 Qa4 8. Qg4 g6 9. Nf3 b6 10. Ra2 Ba6 11. Bxa6 Nxa6 12. 0-0 h6 13. h4 Ne7 14. Qf4 Rh7 15. Nh2 0-0-0 16. Ng4 Nf5 17. Ne3 g5 18. Qg4 Nxh4 19. c4 cxd4 20. Qxd4 Ng6 21. Bb4 Nf4 22. c3 Qc6 23. cxd5 Nxd5 24. Bd6 Nxe3 25. Qxe3 f5 26. a4 Qc4 27. Rd2 Qxa4 28. Qe2 Nc5 29. Rd4 Qa6 30. Rc4 Qb7 31. Rb1 Qc6 32. Qa2 Rb7 33. Qa3 Rxd6 34. exd6 Qxd6 35. Rd4 Qc6 36. Rbd1 Rc7 37. c4 Kb7 38. Rd6 Qa4 39. Qf3+ Ne4 40. Rxe6 g4 41. Qd3 Qxc4 42. Qxc4 Rxc4 43. Rxh6 a5 44. f3 gxf3 45. gxf3 Nc3 46. Rdd6 Rb4 47. Rd3 Nb5 48. Rf6 f4 49. Kf1 a4 50. Rf7+ Ka6 51. Rd8 Nc3 52. Ra8+ Kb5 53. Rf5+ Kc4 54. Rxf4+ Kb3 55. Rxb4+ Kxb4 56. Ke1 b5 57. f4 a3 58. Kd2 Kb3 59. f5 b4 60. Kc1 Ka2 61. f6 b3 62. f7 b2+ 63. Kd2 b1Q 64. f8Q Qb2+ 65. Kd3 1/2-1/2

[Event "Cheliabinsk Variant Gp-A"]
[Site "Cheliabinsk"]
[Date "2021.03.30"]
[Round "9"]
[White "Grebnev, Aleksey"]
[Black "Makoveev, Ilya"]
[Result "1/2-1/2"]
[WhiteElo "2283"]
[BlackElo "2315"]
[PlyCount "88"]
[EventDate "2021.03.23"]
[EventType "swiss"]
[EventRounds "10"]
[EventCountry "RUS"]
[SourceTitle "CBM 202 Extra"]
[Source "ChessBase"]
[SourceDate "2021.07.31"]
[SourceVersion "1"]
[SourceVersionDate "2021.07.31"]
[SourceQuality "1"]

1. e4 e5 2. Bc4 Nf6 3. d3 c6 4. Nf3 d5 5. Bb3 Bd6 6. Bg5 Nbd7 7. exd5 cxd5 8. 0-0 h6 9. Bxf6 Nxf6 10. Re1 0-0 11. Nc3 Bb8 12. Nxe5 d4 13. Nb5 Qa5 14. a4 Bxe5 15. Rxe5 a6 16. h3 axb5 17. Rxb5 Qc7 18. Qf3 Re8 19. a5 Ra7 20. Qg3 Qxg3 21. fxg3 Be6 22. Bxe6 Rxe6 23. Ra4 Rea6 24. b3 Kf8 25. Kf2 Ne8 26. Rd5 Rc6 27. Rc4 Nc7 28. Rd7 Rxc4 29. dxc4 Ne6 30. b4 Ke8 31. Rd5 Ra6 32. Ke2 Ke7 33. c5 g6 34. Kd3 Ra8 35. Rd6 Rd8 36. Rb6 Rd7 37. Ke4 Kd8 38. a6 bxa6 39. Rxa6 Rc7 40. c6 Ke7 41. Kd5 Rd7+ 42. Kc4 Rc7 43. Kd5 Rd7+ 44. Kc4 Rc7 1/2-1/2

[Event "Cheliabinsk Variant Gp-A"]
[Site "Cheliabinsk"]
[Date "2021.03.25"]
[Round "3"]
[White "Frolyanov, Dmitry"]
[Black "Makoveev, Ilya"]
[Result "1-0"]
[WhiteElo "2542"]
[BlackElo "2315"]
[PlyCount "43"]
[EventDate "2021.03.23"]
[EventType "swiss"]
[EventRounds "10"]
[EventCountry "RUS"]
[SourceTitle "CBM 202 Extra"]
[Source "ChessBase"]
[SourceDate "2021.07.31"]
[SourceVersion "1"]
[SourceVersionDate "2021.07.31"]
[SourceQuality "1"]

1. e4 c5 2. Nf3 d6 3. d4 cxd4 4. Nxd4 Nf6 5. Nc3 a6 6. h3 e5 7. Nde2 h5 8. g3 b5 9. Bg2 Bb7 10. a4 b4 11. Nd5 Nxd5 12. exd5 g6 13. a5 Qd7 14. 0-0 Bg7 15. Bd2 Qb5 16. b3 0-0 17. Ra4 Bxd5 18. c4 bxc3 19. Nxc3 Bxg2 20. Nxb5 axb5 21. Kxg2 bxa4 22. b4 1-0

[Event "Wch FIDE Online U14 Europe qual"]
[Site "Tornelo INT"]
[Date "2020.12.09"]
[Round "7"]
[White "Makoveev, Ilya"]
[Black "Soderstrom, Adrian"]
[Result "0-1"]
[WhiteElo "2407"]
[BlackElo "2003"]
[PlyCount "74"]
[EventDate "2020.12.07"]
[EventType "swiss (rapid)"]
[EventRounds "7"]
[EventCountry "ISS"]
[SourceTitle "EXT 2022"]
[Source "ChessBase"]
[SourceDate "2021.10.06"]
[SourceVersion "1"]
[SourceVersionDate "2021.10.06"]
[SourceQuality "1"]

1. Nf3 Nf6 2. g3 g6 3. Bg2 Bg7 4. 0-0 0-0 5. d4 d5 6. c3 a5 7. Nbd2 a4 8. Re1 Ne4 9. Nxe4 dxe4 10. Ng5 f5 11. f3 h6 12. Nh3 e5 13. dxe5 Qe7 14. Nf4 g5 15. Ng6 Qc5+ 16. Kh1 Re8 17. h4 Qf2 18. Kh2 f4 19. Nxf4 gxf4 20. Bxf4 Qb6 21. Qd5+ Be6 22. Qxe4 Nc6 23. Rad1 Qxb2 24. Qg6 Bf7 25. Qg4 Nxe5 26. Bxe5 Rxe5 27. Rd7 Qxc3 28. Red1 Rxe2 29. f4 Qb2 30. Qf3 Rae8 31. Kh1 c6 32. f5 Bd5 33. R1xd5 cxd5 34. Qxd5+ Kh8 35. Rxb7 Qe5 36. Qf3 Re3 37. Qh5 Qxg3 0-1

[Event "Wch FIDE Online U14 Europe qual"]
[Site "Tornelo INT"]
[Date "2020.12.08"]
[Round "3"]
[White "Makoveev, Ilya"]
[Black "Djurovic, Peko"]
[Result "1-0"]
[WhiteElo "2407"]
[BlackElo "1938"]
[PlyCount "72"]
[EventDate "2020.12.07"]
[EventType "swiss (rapid)"]
[EventRounds "7"]
[EventCountry "ISS"]
[SourceTitle "EXT 2022"]
[Source "ChessBase"]
[SourceDate "2021.10.06"]
[SourceVersion "1"]
[SourceVersionDate "2021.10.06"]
[SourceQuality "1"]

1. e4 c5 2. Nf3 Nc6 3. d4 cxd4 4. Nxd4 Nf6 5. Nc3 e5 6. Ndb5 d6 7. Nd5 Nxd5 8. exd5 Nb8 9. a4 Be7 10. Be2 0-0 11. 0-0 Nd7 12. Be3 Kh8 13. f4 a6 14. Na3 exf4 15. Bxf4 Qb6+ 16. Kh1 Qxb2 17. Nc4 Qb4 18. Be3 Rb8 19. c3 Qxc3 20. Bd4 Qb4 21. Rb1 Qxb1 22. Qxb1 b5 23. Na5 bxa4 24. Qa1 Bf6 25. Nc6 Bxd4 26. Qxd4 Rb6 27. Bg4 Nc5 28. Bxc8 Rxc8 29. Qf4 a3 30. Qxf7 h6 31. Ne7 Rcb8 32. Ng6+ Kh7 33. Qf5 Kg8 34. Qf7+ Kh7 35. Nf8+ Kh8 36. Qg6 h5 1-0

[Event "Fide Inter Con Cup U18"]
[Site "Tornelo INT"]
[Date "2020.10.10"]
[Round "2"]
[White "Makoveev, Ilya"]
[Black "Gukesh, Dommaraju"]
[Result "1-0"]
[WhiteElo "2074"]
[BlackElo "2563"]
[PlyCount "79"]
[EventDate "2020.10.10"]
[EventType "swiss (rapid)"]
[EventRounds "6"]
[EventCountry "NET"]
[SourceTitle "EXT 2022"]
[Source "ChessBase"]
[SourceDate "2021.10.06"]
[SourceVersion "1"]
[SourceVersionDate "2021.10.06"]
[SourceQuality "1"]

1. e4 c5 2. Nf3 d6 3. d4 cxd4 4. Nxd4 Nf6 5. Nc3 a6 6. f3 e6 7. Be3 b5 8. Qd2 h5 9. 0-0-0 Nbd7 10. Kb1 Bb7 11. Bd3 Rc8 12. Rhe1 Be7 13. a3 Ne5 14. h3 h4 15. Nce2 d5 16. exd5 Nxd5 17. Nf4 Nxd3 18. Qxd3 0-0 19. Nfxe6 fxe6 20. Nxe6 Qd7 21. Nxf8 Bxf8 22. Bd4 Nf4 23. Qd2 Qf7 24. Be5 Ng6 25. Bd6 Kh7 26. Bxf8 Rxf8 27. Qg5 Qf5 28. Qe3 Nf4 29. Qe7 Nxg2 30. Qxb7 Nxe1 31. Rxe1 Qxf3 32. Qxa6 Qxh3 33. Qxb5 Qg4 34. Qd3+ Kh8 35. Re4 Qh5 36. Qd4 Rf1+ 37. Ka2 Rh1 38. Rg4 Qh6 39. Qe4 h3 40. Rh4 1-0

[Event "EU-ch Online U14"]
[Site "Tornelo INT"]
[Date "2020.09.20"]
[Round "8"]
[White "Razafindratsima, Timothe"]
[Black "Makoveev, Ilya"]
[Result "0-1"]
[WhiteElo "2199"]
[BlackElo "2407"]
[PlyCount "94"]
[EventDate "2020.09.18"]
[EventType "swiss (rapid)"]
[EventRounds "9"]
[EventCountry "NET"]
[SourceTitle "EXT 2023"]
[Source "ChessBase"]
[SourceDate "2022.10.05"]
[SourceVersion "1"]
[SourceVersionDate "2022.10.05"]
[SourceQuality "1"]
[WhiteTeam "France"]
[BlackTeam "Russia"]
[WhiteTeamCountry "FRA"]
[BlackTeamCountry "RUS"]

1. e4 c5 2. Nc3 d6 3. f4 Nc6 4. Nf3 g6 5. Bc4 Bg7 6. d3 e6 7. 0-0 Nge7 8. Qe1 0-0 9. Qh4 d5 10. Bb3 Nd4 11. f5 exf5 12. Bg5 f6 13. Bh6 Nxf3+ 14. Rxf3 fxe4 15. Nxd5 Nxd5 16. dxe4 Be6 17. exd5 Bf5 18. d6+ Kh8 19. Bxg7+ Kxg7 20. g4 g5 21. Qg3 Bg6 22. Re3 c4 23. Bxc4 Qb6 24. Bb3 Rad8 25. Rd1 Rfe8 26. Kf2 Re4 27. d7 h5 28. gxh5 Bxh5 29. Rd6 Rf4+ 30. Qxf4 gxf4 31. Rxb6 fxe3+ 32. Kxe3 axb6 33. Be6 Kf8 34. Kf4 Ke7 35. Bf5 Bf7 36. b3 Be6 37. Be4 Rxd7 38. h4 f5 39. Bf3 Kf6 40. h5 Rd4+ 41. Ke3 Rh4 42. c4 Ke5 43. a4 Rh3 44. Kf2 Kf4 45. Bxb7 Rxb3 46. c5 bxc5 47. a5 Rxb7 0-1

[Event "EU-ch Online U14"]
[Site "Tornelo INT"]
[Date "2020.09.18"]
[Round "2"]
[White "Collin, Moritz Valentin"]
[Black "Makoveev, Ilya"]
[Result "0-1"]
[WhiteElo "1855"]
[BlackElo "2407"]
[PlyCount "68"]
[EventDate "2020.09.18"]
[EventType "swiss (rapid)"]
[EventRounds "9"]
[EventCountry "NET"]
[SourceTitle "EXT 2023"]
[Source "ChessBase"]
[SourceDate "2022.10.05"]
[SourceVersion "1"]
[SourceVersionDate "2022.10.05"]
[SourceQuality "1"]
[WhiteTeam "Schweiz"]
[BlackTeam "Russia"]
[WhiteTeamCountry "SUI"]
[BlackTeamCountry "RUS"]

1. d4 Nf6 2. c4 e6 3. Nc3 Bb4 4. e3 0-0 5. Nge2 c6 6. a3 Ba5 7. b4 Bc7 8. e4 d5 9. e5 Ne8 10. c5 a5 11. Rb1 axb4 12. axb4 f6 13. f4 b6 14. Ng3 fxe5 15. fxe5 Qh4 16. Bd3 bxc5 17. bxc5 Ba6 18. Bxa6 Nxa6 19. Nce2 g6 20. Bd2 Ng7 21. Qc1 Bd8 22. Rb7 Nf5 23. 0-0 Nxd4 24. Rxf8+ Kxf8 25. Qf1+ Nf5 26. Nf4 Nc7 27. Rxc7 Bxc7 28. Nxe6+ Kg8 29. Nxf5 gxf5 30. Nxc7 Qd4+ 31. Kh1 Ra1 32. Bc1 Qd2 33. h3 Rxc1 34. Kg1 Qe3+ 0-1

[Event "Moscow op-A 16th"]
[Site "Moscow"]
[Date "2020.01.29"]
[Round "5"]
[White "Makoveev, Ilya"]
[Black "Movsisyan, Vardan"]
[Result "1-0"]
[WhiteElo "2277"]
[BlackElo "2110"]
[PlyCount "111"]
[EventDate "2020.01.25"]
[EventType "swiss"]
[EventRounds "9"]
[EventCountry "RUS"]
[SourceTitle "CBM 194 Extra"]
[Source "ChessBase"]
[SourceDate "2020.03.31"]
[SourceVersion "1"]
[SourceVersionDate "2020.03.31"]
[SourceQuality "1"]

1. e4 c5 2. Nf3 d6 3. d4 cxd4 4. Nxd4 Nf6 5. Nc3 a6 6. f3 e6 7. Be3 Nbd7 8. Qd2 b5 9. 0-0-0 Bb7 10. g4 Nb6 11. Qf2 Nfd7 12. Bd3 Rc8 13. Nce2 d5 14. Kb1 Bc5 15. Ng3 0-0 16. Nde2 dxe4 17. Bxe4 Bxe4 18. Nxe4 Bxe3 19. Qxe3 Nd5 20. Qf2 Qc7 21. Nd4 Nc5 22. Rhe1 Rfd8 23. h4 Na4 24. h5 b4 25. h6 g6 26. Nb3 Qe5 27. Rd4 Qc7 28. Rxd5 exd5 29. Qd4 Qxc2+ 30. Ka1 Qxb2+ 31. Qxb2 Nxb2 32. Nf6+ Kh8 33. Kxb2 Rc6 34. g5 Rdc8 35. Nd4 R6c7 36. Re5 a5 37. Rxd5 a4 38. Ne4 b3 39. axb3 axb3 40. f4 Kg8 41. Nf6+ Kh8 42. Rd6 Ra7 43. Nd5 Ra2+ 44. Kxb3 Rd2 45. Nc6 Re8 46. Ne5 Rb8+ 47. Kc3 Rdb2 48. Rd7 R2b3+ 49. Kc4 R3b7 50. Nxf7+ Kg8 51. Nf6+ Kf8 52. Nxh7+ Kg8 53. Nf6+ Kf8 54. Rxb7 Rc8+ 55. Kd4 Rc4+ 56. Ke5 1-0

[Event "Moscow op-A 16th"]
[Site "Moscow"]
[Date "2020.01.28"]
[Round "4"]
[White "Chaqryan, Erik"]
[Black "Makoveev, Ilya"]
[Result "1/2-1/2"]
[WhiteElo "2084"]
[BlackElo "2277"]
[PlyCount "96"]
[EventDate "2020.01.25"]
[EventType "swiss"]
[EventRounds "9"]
[EventCountry "RUS"]
[SourceTitle "CBM 194 Extra"]
[Source "ChessBase"]
[SourceDate "2020.03.31"]
[SourceVersion "1"]
[SourceVersionDate "2020.03.31"]
[SourceQuality "1"]

1. d4 Nf6 2. c4 e6 3. Nc3 Bb4 4. e3 0-0 5. Bd3 d5 6. Nf3 c5 7. 0-0 Nc6 8. a3 Bxc3 9. bxc3 Qc7 10. cxd5 exd5 11. dxc5 Bg4 12. a4 Ne4 13. Qc2 Rfe8 14. Ba3 Bxf3 15. gxf3 Qd7 16. Kg2 Ne5 17. Bxe4 dxe4 18. Qxe4 f5 19. Qf4 Re6 20. Rfd1 Rg6+ 21. Kf1 Qc6 22. Rab1 Nxf3 23. Ke2 Ng5 24. Qc4+ Nf7 25. Rd4 Re8 26. Rbd1 Rge6 27. Qd5 Qa6+ 28. Kd2 f4 29. Re1 Re5 30. Qf3 Qe6 31. Qxb7 fxe3+ 32. fxe3 Rxe3 33. Rxe3 Qxe3+ 34. Kc2 Qf2+ 35. Rd2 Qf5+ 36. Kb3 Qf4 37. Rd4 Qxh2 38. Qxa7 Qh1 39. Rd7 Ne5 40. Rxg7+ Kh8 41. Qb7 Qd1+ 42. Ka2 Qc2+ 43. Bb2 Nc4 44. Rg1 Qxa4+ 45. Kb1 Nd2+ 46. Kc1 Nb3+ 47. Kb1 Nd2+ 48. Kc1 Nb3+ 1/2-1/2

[Event "Moscow op-A 16th"]
[Site "Moscow"]
[Date "2020.01.27"]
[Round "3"]
[White "Makoveev, Ilya"]
[Black "Sek, Konstantin"]
[Result "0-1"]
[WhiteElo "2277"]
[BlackElo "2446"]
[PlyCount "137"]
[EventDate "2020.01.25"]
[EventType "swiss"]
[EventRounds "9"]
[EventCountry "RUS"]
[SourceTitle "CBM 194 Extra"]
[Source "ChessBase"]
[SourceDate "2020.03.31"]
[SourceVersion "1"]
[SourceVersionDate "2020.03.31"]
[SourceQuality "1"]

1. e4 e5 2. Nf3 Nc6 3. Bb5 a6 4. Ba4 Nf6 5. 0-0 Be7 6. Re1 b5 7. Bb3 0-0 8. h3 d6 9. c3 Na5 10. Bc2 c5 11. d4 Qc7 12. Nbd2 Bd7 13. Nf1 Rac8 14. d5 c4 15. g4 Ne8 16. Ng3 g6 17. Bh6 Ng7 18. Kh2 f6 19. Rg1 Rf7 20. Qd2 Nb7 21. Raf1 Nc5 22. Ne1 Bf8 23. f4 exf4 24. Bxf4 Re8 25. Nf3 Bc8 26. Nd4 Nd7 27. Bd1 Ne5 28. Be2 Bd7 29. Rf2 Qc8 30. Bh6 Be7 31. Ngf5 Bf8 32. Nxg7 Bxg7 33. Rgf1 Bh8 34. Qe3 Rfe7 35. Bf4 Qc5 36. Qg3 Nf7 37. Bf3 Qb6 38. Bg2 b4 39. Re2 a5 40. Kh1 Bg7 41. h4 Ne5 42. g5 fxg5 43. Bxg5 Rf7 44. Rxf7 Nxf7 45. Bf4 bxc3 46. bxc3 Bxd4 47. cxd4 Qxd4 48. Re1 Qd3 49. Re3 Qd1+ 50. Re1 Qg4 51. Rc1 Rc8 52. Bxd6 Nxd6 53. Qxd6 c3 54. e5 Qxh4+ 55. Kg1 Bh3 56. Bxh3 Qxh3 57. Rc2 Rf8 58. Rf2 Qg3+ 59. Rg2 Qe3+ 60. Kh2 Qf4+ 61. Kg1 Qc1+ 62. Kh2 Qf4+ 63. Kg1 Qf5 64. Kh2 c2 65. Qc6 Qh5+ 66. Kg1 Qd1+ 67. Kh2 c1Q 68. Rxg6+ hxg6 69. Qxg6+ 0-1

[Event "Orsha IM"]
[Site "Orsha"]
[Date "2020.01.21"]
[Round "5"]
[White "Makoveev, Ilya"]
[Black "Novitzkij, Dmitrij"]
[Result "1-0"]
[WhiteElo "2277"]
[BlackElo "2329"]
[PlyCount "47"]
[EventDate "2020.01.18"]
[EventType "tourn"]
[EventRounds "9"]
[EventCountry "BLR"]
[EventCategory "2"]
[SourceTitle "CBM 194 Extra"]
[Source "ChessBase"]
[SourceDate "2020.03.31"]
[SourceVersion "1"]
[SourceVersionDate "2020.03.31"]
[SourceQuality "1"]

1. e4 e5 2. Nf3 Nc6 3. Bb5 g6 4. c3 Bg7 5. d4 exd4 6. cxd4 Nge7 7. 0-0 0-0 8. d5 Nb8 9. d6 cxd6 10. Qxd6 Nec6 11. Nc3 a6 12. Bc4 b5 13. Bg5 Qe8 14. Bd5 Bb7 15. e5 h6 16. Bxh6 Kh7 17. Bxg7 Kxg7 18. Qf6+ Kh6 19. Ne4 Qd8 20. Qf4+ Kg7 21. Nd6 f6 22. Nxb7 fxe5 23. Qe3 Qe7 24. Nc5 1-0

[Event "Orsha IM"]
[Site "Orsha"]
[Date "2020.01.19"]
[Round "2"]
[White "Runets, Ivan"]
[Black "Makoveev, Ilya"]
[Result "1/2-1/2"]
[WhiteElo "2304"]
[BlackElo "2277"]
[PlyCount "113"]
[EventDate "2020.01.18"]
[EventType "tourn"]
[EventRounds "9"]
[EventCountry "BLR"]
[EventCategory "2"]
[SourceTitle "CBM 194 Extra"]
[Source "ChessBase"]
[SourceDate "2020.03.31"]
[SourceVersion "1"]
[SourceVersionDate "2020.03.31"]
[SourceQuality "1"]

1. Nf3 Nf6 2. c4 c5 3. b3 g6 4. Bb2 Bg7 5. g3 Nc6 6. Bg2 d6 7. 0-0 Bd7 8. Nc3 0-0 9. d3 Rb8 10. Qd2 Ne8 11. e3 Nc7 12. d4 Bg4 13. d5 Bxf3 14. Bxf3 Ne5 15. Be2 Nd7 16. h4 f5 17. Kg2 Nf6 18. Rad1 Qd7 19. Rh1 Ne4 20. Qc2 Nxc3 21. Bxc3 Bxc3 22. Qxc3 h5 23. Bd3 Rf6 24. Rhe1 Rbf8 25. f4 e6 26. dxe6 Rxe6 27. e4 Qc6 28. Kh2 fxe4 29. Bf1 Re7 30. Qd2 Ne6 31. Qxd6 Qxd6 32. Rxd6 Nd4 33. Kg2 Kg7 34. Rd5 Rf5 35. Rxf5 gxf5 36. Be2 Nxe2 37. Rxe2 Rd7 38. Kf2 Kf6 39. Rb2 Rd3 40. b4 cxb4 41. Rxb4 b6 42. Ra4 Rd7 43. Ra6 Rc7 44. a4 Ke6 45. a5 Rxc4 46. axb6 axb6 47. Rxb6+ Kd5 48. Rf6 Rc2+ 49. Ke3 Rc3+ 50. Ke2 Rxg3 51. Rxf5+ Kd4 52. Rxh5 Rg2+ 53. Kf1 Ra2 54. Rb5 Ke3 55. Rb3+ Kxf4 56. Ke1 Rh2 57. Rb5 1/2-1/2